America's Most Popular Breakfast Cereals - Statistics

General Stats
  • This quiz has been taken 130 times
  • The average score is 7 of 15
Answer Stats
# Cereal Company Sales Boxs Sold % Correct
2 Honey Nut Cheerios General Mills $421.7 Million 129.3 Million
85%
1 Cheerios General Mills $435.9 Million 139.1 Million
83%
3 Frosted Flakes Kellogg $412.6 Million 132.3 Million
80%
6 Lucky Charms General Mills $283.4 Million 86.4 Million
71%
10 Fruity Pebbles Post $172.3 Million 54.1 Million
57%
5 Cinnamon Toast Crunch General Mills $344.3 Million 105.2 Million
56%
7 Froot Loops Kellogg $269.1 Million 91.7 Million
54%
13 Rice Krispies Kellogg $136.7 Milllion 42.1 Million
52%
11 Raisin Bran Kellogg $172.2 Million 48.9 Million
50%
12 Special K Kellogg $167.1 Million 47.0 Million
38%
4 Honey Bunches of Oats Post $375.2 Million 111.3 Million
35%
15 Reese's Puffs General Mills $121.5 Million 35.3 Million
27%
9 Life Quaker $177.5 Million 58.1 Million
26%
8 Frosted Mini Wheats Kellogg $241.9 Million 71.3 Million
21%
14 Special K Red Berries Kellogg $134.0 Million 39.4 Million
1%
No matching quizzes found
Score Distribution
Percent of People with Each Score
Percentile by Number Answered
Your Score History
You have not taken this quiz